MCU Timeline - Statistics

General Stats
  • This quiz has been taken 55 times
    40 since last reset
  • The average score is 21 of 90
Answer Stats
Year Took Place Project % Correct
1942-1945 Captain America: The First Avenger
100%
2008 Iron Man
79%
1995 Captain Marvel
71%
2010 Iron Man 2
71%
2012 The Avengers
71%
2010 The Incredible Hulk
68%
2010 Thor
61%
1946 Agent Carter
43%
2013 Iron Man 3
43%
2018-2023 Avengers: Endgame
36%
2018 Avengers: Infinity War
36%
2015 Ant-Man
32%
2013 Thor: The Dark World
32%
2015 Avengers: Age of Ultron
29%
2014 Captain America: The Winter Soldier
29%
2014 Guardians of the Galaxy
29%
2014 Guardians of the Galaxy Vol. 2
29%
2010 A Funny Thing Happened on the Way to Thor's Hammer
25%
2018 Ant-Man and the Wasp
25%
2012 Item 47
25%
2010 The Consultant
25%
2023 WandaVision
25%
2000 X-Men
25%
2014 All Hail The King
21%
2016 Black Panther
21%
2016 Black Widow
21%
2016 Captain America: Civil War
21%
2015 Daredevil Season 1
21%
2016 Doctor Strange
21%
2001 Spider-Man
21%
2002 Spider-Man 2
21%
2005 Spider-Man 3
21%
2016 Spider-Man: Homecoming
21%
2012 The Amazing Spider-Man
21%
2014 The Amazing Spider-Man 2
21%
2017 Thor: Ragnarok
21%
2027 Thunderbolts*
21%
2002 X-2
21%
1962 X-Men: First Class
21%
2026 Captain America: Brave New World
18%
2026 Daredevil: Born Again
18%
2015 Daredevil Season 2
18%
2017 Daredevil Season 3
18%
2024 Deadpool & Wolverine
18%
2016 Defenders
18%
2025 Guardians of the Galaxy: Holiday Special
18%
2026 Guardians of the Galaxy Vol. 3
18%
2024 Hawkeye
18%
2014 I Am Groot Season 1
18%
2014 I Am Groot Season 2
18%
2016 Iron Fist Season 1
18%
2017 Iron Fist Season 2
18%
2015 Jessica Jones Season 1
18%
2017 Jessica Jones Season 2
18%
2018 Jessica Jones Season 3
18%
2015 Luke Cage Season 1
18%
2017 Luke Cage Season 2
18%
2024 Spider-Man: No Way Home
18%
2024 The Falcon and the Winter Soldier
18%
2016 The Punisher Season 1
18%
2018 The Punisher Season 2
18%
2012 The Wolverine
18%
1983 X-Men: Apocalypse
18%
1992 X-Men: Dark Phoenix
18%
2005 X-Men: The Last Stand
18%
2026 Agatha All Along
14%
2026 Ant-Man and the Wasp: Quantumania
14%
2025 Black Panther: Wakanda Forever
14%
2015 Deadpool
14%
2018 Deadpool 2
14%
2024 Doctor Strange in the Multiverse of Maddness
14%
2025 ECHO
14%
2024 Eternals
14%
2029 Logan
14%
2025 Moon Knight
14%
2025 Ms Marvel
14%
2026 Secret Invasion
14%
2024 Spider-Man: Far From Home
14%
2026 The Marvels
14%
2025 Thor: Love and Thunder
14%
2025 Werewolf by Night
14%
1970 X-Men Origins: Wolverine
14%
2024 Shang-Chi and the Legend of the Ten Rings
11%
2025 She-Hulk: Attorney At Law
11%
2020 The New Mutants
11%
2023 X-Men: Days of Future Past
11%
2016 Deadpool: No Good Deed
7%
1960 Fantastic Four: First Steps
7%
2018 Once Upon A Deadpool
7%
2024 Peter's To Do List
7%
No matching quizzes found
Score Distribution
Percent of People with Each Score
Percentile by Number Answered
Your Score History
You have not taken this quiz since the last reset